| 000 | 00836nam a2200265Ia 4500 | ||
|---|---|---|---|
| 003 | OSt | ||
| 005 | 20221005080736.0 | ||
| 006 | a|||||r|||| 00| 0 | ||
| 007 | ta | ||
| 008 | 221004b |||||||| |||| 00| 0 eng d | ||
| 020 |
_a9780195698558 (hbk) _c545 |
||
| 024 | _a94303 | ||
| 037 |
_b385, 02/03/2009, N. R. Book Distributors _cTextual |
||
| 040 |
_aCRL _cCRL _beng |
||
| 041 |
_2eng _aeng |
||
| 082 | _aY:5:2'P07, P8 | ||
| 100 |
_aChaurasia Alok Ranjan _9476427 |
||
| 245 | 0 |
_aIndia _b The state of population 2007 |
|
| 260 |
_aNew Delhi _bOxford Univesity Press India _c2008 |
||
| 300 |
_axxiii, 228p. _ccm. |
||
| 650 | _aSOCIOLOGY | ||
| 700 | _a Gulati S. C. | ||
| 942 |
_hY:5:2'P07, P8 _cTEXL _2cc |
||
| 999 |
_c986653 _d986653 |
||